A text book of mathematics : for second year pre-university (Record no. 194706)
[ view plain ]
| 000 -LEADER | |
|---|---|
| fixed length control field | 00482nam a2200157Ia 4500 |
| 008 - FIXED-LENGTH DATA ELEMENTS--GENERAL INFORMATION | |
| fixed length control field | 231217s9999 xx 000 0 und d |
| 041 ## - LANGUAGE CODE | |
| Language code of text/sound track or separate title | English |
| 082 ## - DEWEY DECIMAL CLASSIFICATION NUMBER | |
| Classification number | 510 SRE;1 R |
| 100 ## - MAIN ENTRY--PERSONAL NAME | |
| Personal name | Sreenivasa Rao, B M. Venkatesha Bhatta, H K. Rangan, A Anantha. |
| 245 #2 - TITLE STATEMENT | |
| Title | A text book of mathematics : for second year pre-university |
| 250 ## - EDITION STATEMENT | |
| Edition statement | 4th ed. |
| 260 ## - PUBLICATION, DISTRIBUTION, ETC. | |
| Date of publication, distribution, etc. | 2008 |
| Name of publisher, distributor, etc. | Excellent Education Enterp. |
| Place of publication, distribution, etc. | Bangalore |
| 300 ## - PHYSICAL DESCRIPTION | |
| Extent | xvi, 984 |
| 400 ## - SERIES STATEMENT/ADDED ENTRY--PERSONAL NAME [OBSOLETE, CAN/MARC], [LOCAL, USA] | |
| Personal name | Excellent series |
| 942 ## - ADDED ENTRY ELEMENTS (KOHA) | |
| Koha item type | Books |
| Date last seen | Total checkouts | Full call number | Accession number | Price effective from | Category | Lost status | Damaged status | Department | Withdrawn status | Home library | Current library | Shelving location | Entry date | Grants | Billdate | Currency symbol | Conversion rate | Discount | Old discount |
|---|---|---|---|---|---|---|---|---|---|---|---|---|---|---|---|---|---|---|---|
| 26/01/2024 | 510 SRE;1 R | 85373 | 26/01/2024 | Books | Central Library | Central Library | Central Library | Central Library | 15/04/2013 | DONATED | 10/12/2019 | RS | 1 | ||||||
| 26/01/2024 | 510 SRE;2 R1 | 87524 | 26/01/2024 | Books | Central Library | Central Library | Central Library | Central Library | 30/10/2013 | DONATED | 21/07/2023 | RS | 1 |
